Element or Anatomy Blitz Quiz Stats

Quiz Updated Jul 17, 2016

Challenge
Share
Tweet
Embed
Score 0/20 Timer 00:30
7 Plays Today
% Correct
Helium
73.9%
Lithium
72.9%
Cranium
72.8%
Potassium
72.3%
Barium
69.9%
Myocardium
65.7%
Pericardium
63.5%
Endometrium
62%
Iridium
57.6%
Epithelium
56.7%
% Correct
Labium
55%
Ilium
52.1%
Curium
50%
Osmium
48.5%
Manubrium
46.5%
Indium
46.2%
Ischium
46.2%
Niobium
42%
Cilium
40.9%
Hassium
33.3%

You're not logged in!

Compare scores with friends on all Sporcle quizzes.
Join for Free
OR
Log In

You Might Also Like...

Show Comments

Extras

Top Quizzes Today


Score Distribution

Your Account Isn't Verified!

In order to create a playlist on Sporcle, you need to verify the email address you used during registration. Go to your Sporcle Settings to finish the process.

Report this User

Report this user for behavior that violates our Community Guidelines.

Details: